00000000nam##2200000za#4500
0019.579975
003CaOODSP
00520210624190821
007cr |||||||||||
008150406|2004||||xxc|||||o    f|0| 0 eng|d
022 |a1488-5387
040 |aCaOODSP|beng
043 |an-cn---
0861 |aFs97-4/2670E-PDF
1101 |aCanada. |bDepartment of Fisheries and Oceans.
24513|aAn examination of recapture rates of lingcod as a potential source of bias in recreational catch per unit effort (CPUE) / |h[electronic resource]|cby J.R. King and D.R. Haggarty.—
260 |aNanaimo - British Columbia : |bFisheries and Oceans Canada |c2004.
300 |a20p.|breferences, tables
4901 |aCanadian manuscript report of fisheries and aquatic sciences|x1488-5387|vNo. 2670
500 |aOn t.p.: Pacific Biological Station, Nanaimo, British Columbia. The catalogue number and ISSN for the print edition appear in the PDF version.
546 |a(Résumés en français)
590 |a14-13-Supp|b2014-06-23
7201 |aHaggarty, D. R.
7201 |aKing, J. R.
7760#|tAn examination of recapture rates of Lingcod as a potential source of bias in recreational Catch Per Unit Effort (CPUE) / |w(CaOODSP)9.616929
830#0|aCanadian manuscript report of fisheries and aquatic sciences,|x1488-5387|vNo. 2670|w(CaOODSP)9.505211
85640|ahttp://publications.gc.ca|qPDF|s1795 KB|uhttps://publications.gc.ca/collections/collection_2014/mpo-dfo/Fs97-4-2670-eng.pdf|yNo. 2670